| 000 | 00464nam a22001697a 4500 | ||
|---|---|---|---|
| 003 | MPLRDC | ||
| 005 | 20220104142954.0 | ||
| 008 | 210129b ||||| |||| 00| 0 eng d | ||
| 082 | _a859.6 DIS-8 v.43 c.2* | ||
| 100 | _a迪士尼画报中文版编辑委员会 | ||
| 245 |
_a迪士尼画报. 第四十三期 _c |
||
| 260 |
_a _b玉郎机构有限公司 _c1988 |
||
| 300 | _b平 | ||
| 490 | _a迪士尼画报;43 | ||
| 650 | _a | ||
| 942 |
_cBK _o859.6 DIS-8 v.43 c.2* |
||
| 999 |
_c35396 _d35386 |
||